| 000 | 00514 a2200169 4500 | ||
|---|---|---|---|
| 003 | OSt | ||
| 005 | 20240801113100.0 | ||
| 008 | 231017b |||||||| |||| 00| 0 eng d | ||
| 020 | _a9788192686165 | ||
| 040 | _coclc | ||
| 082 |
_a892.71 _bVAL/M |
||
| 100 |
_aVallikunnu, Balakrishnan _91906 |
||
| 245 |
_aMAHAKAVI MOIN KUTTI VAIDYARUDE KAVYA LOKAM / _cBalakrishnan Vallikunnu |
||
| 260 |
_aKozhikode: _bVachanam books, |
||
| 300 | _a272 p | ||
| 942 |
_2ddc _cBK _h892.71 _iVAL/M _k892.71 _mVAL/M |
||
| 999 |
_c42715 _d42715 |
||